000
00249nam a2200097Ia 4500
001
808785
005
20250826171256.0
008
250824s9999 xx 000 0 und d
245
0
_a
SİSLER ÜLKESİ
_c
SİR ARTHUR CONAN DOYLE
260
_b
KYRHOS YAYINLARI
999
_c
808785
_d
808785